000 00316nam a2200133Ia 4500
008 191201s2008 xx 000 0 und d
082 _a658.87
_bHAC
100 _aHAWKINS, Dell
245 0 _aConsumer Behavior Building Marketing
260 _aN.Delhi
_bTMH
_c2008
300 _a867
650 _aMBA
942 _2ddc
_cBK
999 _c3499
_d3499